Nemmeno con un fiore /

Una famiglia felice, quella di Nicola, undici anni, una grande passione per i fumetti. Una famiglia come tante: la mamma fragile e sbadata, la sorella maggiore che si sente già grande e vorrebbe fare di testa sua e un padre supereroe che li protegge da ogni pericolo. Sì, a Nicola sembra proprio che...

Mô tả đầy đủ

Đã lưu trong:
Chi tiết về thư mục
Tác giả chính: Silei, Fabrizio
Định dạng: Sách
Ngôn ngữ:Tiếng Italy
Được phát hành: Firenze ; Milano : Giunti, 2015
Loạt:Extra
Các nhãn: Thêm thẻ
Không có thẻ, Là người đầu tiên thẻ bản ghi này!

MARC

LEADER 00000nam a22000007i 4500
001 IT\ICCU\LUA\0526289
003 ItRI
005 20260115232046.0
008 150512s2015 it |||||| ||||| |||||c
020 |a 9788809808867 
040 |b ita  |c importazione bologna sebina 
041 7 |a ita  |2 ISO-639-2 
082 |a 853.92  |9 NARRATIVA ITALIANA, 2000-  |2 23 
100 1 |a Silei, Fabrizio  |0 IT\ICCU\TO0V\358950 
240 1 0 |a Nemmeno con un fiore  |3 IT\ICCU\RAV\2025403  |9 Silei, Fabrizio 
245 1 0 |a Nemmeno con un fiore /  |c Fabrizio Silei. 
260 |a Firenze ;  |a Milano :  |b Giunti,  |c 2015 
300 |a 203 p. ;  |c 22 cm 
520 |a Una famiglia felice, quella di Nicola, undici anni, una grande passione per i fumetti. Una famiglia come tante: la mamma fragile e sbadata, la sorella maggiore che si sente già grande e vorrebbe fare di testa sua e un padre supereroe che li protegge da ogni pericolo. Sì, a Nicola sembra proprio che tutto vada per il meglio. Finché, una notte particolarmente fredda, nelle loro vite entra Sarolta, una barbona malandata proveniente dall'Europa dell'Est. Un'anziana signora che ha un segreto, e che sua madre non vuole abbandonare al suo destino, a dispetto delle regole ferree imposte dal marito. Da quel momento le certezze di Nicola iniziano a sgretolarsi. 
790 1 |a Poli, Sileno  |3 IT\ICCU\SBNV\011060  |z Silei, Fabrizio 
830 0 |a Extra  |0 IT\ICCU\MOD\1549165 
942 |2 ddc  |c BK  |n 0 
952 |0 0  |1 0  |4 0  |6 R_853_920000000000000_SIL  |7 0  |9 19323  |a BO  |b BO  |d 2026-01-15  |i 18854  |l 0  |o R 853.92 SIL  |p BO18854  |r 2026-01-15 23:20:46  |w 2026-01-15  |x [Sebina 5] [1 v.]  |y BK  |z 1 v. 
999 |c 16452  |d 16452